Statistics for Countries Playing Soccer in Another Continent

Click here to take the quiz!

General Stats

  • This quiz has been taken 45 times
    (36 since last reset)
  • The average score is 9 of 10

Answer Stats

ConfederationContinentAnswer% Correct
UEFA (Europe)AsiaKazakhstan
97%
UEFA (Europe)AsiaTurkey
97%
UEFA (Europe)AsiaIsrael
94%
UEFA (Europe)AsiaArmenia
90%
AFC (Asia)OceaniaAustralia
90%
UEFA (Europe)AsiaGeorgia
90%
UEFA (Europe)AsiaAzerbaijan
87%
UEFA (Europe)AsiaCyprus
87%
CONCACAF (North America)South AmericaGuyana
81%
CONCACAF (North America)South AmericaSuriname
81%

Score Distribution

Percentile by Number Answered

Percent of People with Each Score

Your Score History

You have not taken this quiz since the last reset